000 00558nam a2200181Ia 4500
008 090123s9999 xx 000 0 und d
082 _b34718
100 _aमिरासदार द.मा.
245 _aमिरासदारी
250 _a5
260 _bकॉन्टिनेंटल प्रकाशन
_c2001
300 _a365
600 _aमिरासदार द.मा.
630 _aमिरासदारी
700 _aमिरासदार द.मा.
730 _aमिरासदारी
942 _cBOOK
999 _c72775
_d72775